<?xml version="1.0" encoding="UTF-8"?><?xml-stylesheet type="text/xsl" href="static/style.xsl"?><OAI-PMH xmlns="http://www.openarchives.org/OAI/2.0/" xmlns:xsi="http://www.w3.org/2001/XMLSchema-instance" xsi:schemaLocation="http://www.openarchives.org/OAI/2.0/ http://www.openarchives.org/OAI/2.0/OAI-PMH.xsd"><responseDate>2026-06-02T13:09:33Z</responseDate><request verb="GetRecord" identifier="oai:riuma.uma.es:10630/6898" metadataPrefix="marc">https://riuma.uma.es/rest/oai/request</request><GetRecord><record><header><identifier>oai:riuma.uma.es:10630/6898</identifier><datestamp>2026-02-03T11:58:11Z</datestamp><setSpec>com_10630_2254</setSpec><setSpec>col_10630_37959</setSpec></header><metadata><record xmlns="http://www.loc.gov/MARC21/slim" xmlns:dcterms="http://purl.org/dc/terms/" xmlns:doc="http://www.lyncode.com/xoai" xmlns:xsi="http://www.w3.org/2001/XMLSchema-instance" xsi:schemaLocation="http://www.loc.gov/MARC21/slim http://www.loc.gov/standards/marcxml/schema/MARC21slim.xsd">
   <leader>00925njm 22002777a 4500</leader>
   <datafield ind2=" " ind1=" " tag="042">
      <subfield code="a">dc</subfield>
   </datafield>
   <datafield ind2=" " ind1=" " tag="720">
      <subfield code="a">Cimadomo, Guido</subfield>
      <subfield code="e">author</subfield>
   </datafield>
   <datafield ind2=" " ind1=" " tag="260">
      <subfield code="c">2014-01-20</subfield>
   </datafield>
   <datafield ind2=" " ind1=" " tag="520">
      <subfield code="a">La entrada en vigor del Convenio del Paisaje Europeo en 2004 y ratificación por parte de España en 2008 abre nuevas posibilidades para el reconocimiento y puesta en valor de los Paisajes Industriales. Por otro lado los trabajos de UNESCO para una próxima ratificación de la nueva recomendación sobre Paisajes Históricos&#xd;
Urbanos, que reconoce las transformaciones urbanas en acto a principio de nuestro siglo y hacen algo “anticuada”&#xd;
la Convención de Patrimonio Mundial de 1972, recomendando la ampliación de elementos patrimoniales protegidos&#xd;
(la categoría principal es la de ciudades históricas, que cuentan 250 inscripciones sobre un total de 936) a aspectos&#xd;
culturales, naturales incluyendo el más amplio contexto urbano y su emplazamiento geográfico, abren nuevas&#xd;
perspectivas sobre los procesos de intervención, conservación y protección de nuestro patrimonio. Esta&#xd;
comunicación pretende avanzar en las consideraciones y comparativa entre el Convenio del Paisaje Europeo y el&#xd;
borrador de la Recomendación sobre Paisajes Históricos Urbanos de la Unesco, evidenciando las posibilidades y&#xd;
oportunidades que ambas ofrecen para avanzar en la protección del patrimonio y paisaje industrial.</subfield>
   </datafield>
   <datafield ind1="8" ind2=" " tag="024">
      <subfield code="a">http://hdl.handle.net/10630/6898</subfield>
   </datafield>
   <datafield tag="653" ind2=" " ind1=" ">
      <subfield code="a">Paisaje</subfield>
   </datafield>
   <datafield ind2="0" ind1="0" tag="245">
      <subfield code="a">Convenio Europeo del Paisaje y Recomendación sobre paisajes históricos urbanos: evolución y oportunidades para la protección del paisaje industrial</subfield>
   </datafield>
</record>
</metadata></record></GetRecord></OAI-PMH>